| 000 | 00602nam a2200217 a 4500 | ||
|---|---|---|---|
| 005 | 20140310183525.0 | ||
| 008 | 110818s19uu xx 00 eng d | ||
| 020 | _a9780071288705 | ||
| 050 |
_aHF 5636 _b.W668 2009 |
||
| 100 | _aWild, John J. | ||
| 245 |
_aPrinciples of accounting / _cJohn J. Wild; Ken W. Shaw; Barbara Chiappetta. |
||
| 250 | _a19th ed. | ||
| 260 |
_aBoston : _bMcGraw Hill, _c1955. |
||
| 300 |
_a1064 p. : _bill. ; _c26 cm. |
||
| 521 | _aBSA | ||
| 650 | _aAccounting | ||
| 700 | _aShaw, Ken W. | ||
| 700 | _aChiappetta, Barbara | ||
| 942 |
_cBK _2lcc _kFOR |
||
| 999 |
_c24488 _d24488 |
||